005060000a2200145000450024501350000065000260013565000150016165000240017665300290020004100130022970000200024270000180026210000260028077300540030610aIdentification of androgen metabolic pathways in the brain of little brown bats (): sex and seasonal differences14aReproducción animal14aEtología14aFisiología animal gMyotiseMyotis lucifugus0 aInglés1 aKunz, Thomas H.1 aPetro, Zoltan1 aVincz Callard, Gloria1 tEcology of Reproduction3640q1155-1161d1983g28